5 mascotas mas comunes - Estadísticas

Estadísticas generales
  • Esta prueba ha sido intentada 170 veces
  • La puntuación promedio es 4 de 5
Estadísticas de respuestas
Mascotas % Correcto
Gato
100%
Perro
100%
Pájaro
72%
Pez
66%
Conejo
53%
No se encontraron pruebas coincidentes
Distribución de puntuación
Porcentaje de gente con cada puntuación
Porcentaje por número respondido
Historial de tus puntuaciones
No has intentado esta prueba.